000 00431nam a2200157 4500
999 _c510726
_d510726
008 190829b ||||| |||| 00| 0 eng d
100 _aJha, Sadan
_99184
245 _aDalit desires and the city of Surat
260 _c2019
300 _ap.42-49.
650 _aCity and towns - India
_99185
650 _aMahyavanshi community
_99186
773 _aEconomic and Political Weekly
906 _aDalits - Surat
942 _2ddc
_cAR